| Tag |
First Indicator |
Second Indicator |
Subfields |
| LEADER |
00000cam a2200000 a 4500 |
| 001 |
in00001334591 |
| 005 |
20151006051214.0 |
| 008 |
960821s1996 enkac 001 0 eng d |
| 010 |
|
|
|a gb 96068600
|
| 015 |
|
|
|a GB96-68600
|
| 020 |
|
|
|a 0571178278 (pbk) :
|c £8.99 : Formerly CIP
|
| 035 |
|
|
|a (OCoLC)35599754
|
| 035 |
|
|
|9 AHF4029AM
|
| 040 |
|
|
|a UKM
|c UKM
|d WSU
|d TXA
|d UtOrBLW
|
| 049 |
|
|
|a TXAM
|
| 082 |
0 |
4 |
|a 791.430233092
|2 20
|
| 090 |
|
|
|a PN1998.3.S35
|b A3 1996
|
| 100 |
1 |
|
|a Scorsese, Martin.
|
| 245 |
1 |
0 |
|a Scorsese on Scorsese /
|c edited by David Thompson and Ian Christie.
|
| 250 |
|
|
|a Updated ed.
|
| 264 |
|
1 |
|a London :
|b Faber,
|c 1996.
|
| 300 |
|
|
|a xxi, 254 pages :
|b illustrations, portraits ;
|c 22 cm.
|
| 336 |
|
|
|a text
|b txt
|2 rdacontent
|
| 337 |
|
|
|a unmediated
|b n
|2 rdamedia
|
| 338 |
|
|
|a volume
|b nc
|2 rdacarrier
|
| 500 |
|
|
|a Previous edition: 1989.
|
| 504 |
|
|
|a Bibliography: pages 242-246.
|
| 500 |
|
|
|a Includes index.
|
| 600 |
1 |
0 |
|a Scorsese, Martin
|x Interviews.
|
| 650 |
|
0 |
|a Motion picture producers and directors
|z United States
|v Interviews.
|
| 653 |
0 |
|
|a Cinema
|a Films (Motion pictures)
|a Directing
|
| 653 |
0 |
|
|a United States
|
| 700 |
1 |
|
|a Christie, Ian,
|d 1945-
|
| 700 |
1 |
|
|a Thompson, David.
|
| 999 |
|
|
|a MARS
|
| 999 |
f |
f |
|s b5dca589-5585-30a4-9f48-b423d2721a3f
|i 6ffe4c78-ddb4-3450-80bf-1a7925138c78
|t 0
|
| 952 |
f |
f |
|p ric
|a Texas A&M University
|b Rellis Campus
|c Joint Library Facility
|d Remote Storage
|t 0
|e PN1998.3.S35 A3 1996
|h Library of Congress classification
|i unmediated -- volume
|m A14821352281
|
| 998 |
f |
f |
|a PN1998.3.S35 A3 1996
|t 0
|l Remote Storage
|